Servidumbres ecológicas en Colombia y Latinoamerica : (Registro nro. 8719)

Detalles MARC
000 -CABECERA
Campo de control 00823nam a22002177a 4500
005 - FECHA Y HORA DE LA ULTIMA TRANSACCION
Campo de control 20150717091446.0
008 - ELEMENTOS DE LONGITUD FIJA—INFORMACION GENERAL
Campo de control 140919b2003 ck ||||| |||| 00| 0 spa d
020 ## - ISBN
ISBN 9589571298
040 ## - FUENTE DE CATALOGACIÓN
Agencia catalogadora original CO-BoIAVH
Agencia transcriptora CO-BoIAVH
041 ## - IDIOMA
Código de idioma para texto/pista de sonido o título separado Español
044 ## - PAÍS DE PUBLICACIÓN
País de publicación Colombia
082 04 - NUMERO DE CLASIFICACION DECIMAL DEWEY
Número de clasificación 342.0413
Número del ítem J61s
100 1# - ASIENTO PRINCIPAL--NOMBRE PERSONAL
Nombre personal Jiménez-Rojas, Arturo
245 10 - MENCION DE TITULO
Título Servidumbres ecológicas en Colombia y Latinoamerica :
Parte restante del título marco conceptual y legal
Mención de responsabilidad edición y textos de Arturo Jiménez Rojas
260 ## - PUBLICACION, DISTRIBUCION, ETC. (PIE DE IMPRENTA)
Lugar de publicación, distribución, etc. Santiago de Cali :
Nombre del editor, distribuidor, etc. Asociación colombiana de reservas naturales de la sociedad civil - Red,
-- The Nature Consevancy,
-- WWF,
Fecha de publicación, distribución, etc. 2003.
300 ## - DESCRIPCION FISICA
Extensión 43 p.
Dimensiones 28 cm.
590 ## - NOTA LOCAL
Nota local Documento presenta humedad y deterioro leve
650 #4 - ASIENTO SECUNDARIO DE MATERIA - TERMINO TEMATICO
Término temático o nombre geográfico como elemento de entrada Jurisdicción
Subdivisión general territorio
650 #4 - ASIENTO SECUNDARIO DE MATERIA - TERMINO TEMATICO
Término temático o nombre geográfico como elemento de entrada Servidumbres ecológicas
942 ## - ELEMENTOS ADICIONALES (KOHA)
Tipo de ítem Folleto
Sistema de clasificación Dewey Decimal Classification
Existencias
Withdrawn status Lost status Sistema de Clasificación Damaged status No para préstamo Colección Inventariado Ubicación Permanente Ubicación actual Fecha de adquisición Fuente de Valor Valor Total Checkouts Número topográfico Inventario / Código de Barras Date last seen Ejemplar Price effective from Forma de adquisición Tipo de material
    Dewey Decimal Classification     General Inventariado 2017 Bogotá Bogotá 19/09/2014 Instituto 15000.00   LB-342.0413 J61s 034389 19/09/2014 Ej. 1 19/09/2014   Libro
    Dewey Decimal Classification     General Inventariado 2017 Bogotá Bogotá 17/07/2015 Instituto 15000.00   LB-342.0413 J61s 042077 17/07/2015 Ej. 2 17/07/2015   Libro